| 000 | 00000nam##2200000za#4500 |
| 001 | 9.608286 |
| 003 | CaOODSP |
| 005 | 20210624213542 |
| 007 | cr ||||||||||| |
| 008 | 150406|2015||||xxc|||||o f|0| 0 fre|d |
| 040 | |aCaOODSP|bfre |
| 043 | |an-cn--- |
| 086 | 1 |aXC76-1/1-412-9F-PDF |
| 110 | 1 |aCanada. |bParlement. |bChambre des communes. |bComité permanent de la sécurité publique et nationale. |
| 245 | 10|aFinance sociale dans le cadre de la prévention du crime au Canada / |h[ressource électronique]|cLe président Daryl Kramp. |
| 260 | |aOttawa - Ontario : |bChambre des communes. |cFévrier 2015. |
| 300 | |a38p.|bréférences |
| 490 | 1 |aRapport du Comité permanent de la sécurité publique et nationale|v9e rapport, 41e législature, 2e session |
| 590 | |a15-08|b2015-02-20 |
| 775 | 08|tSocial finance as it relates to crime prevention in Canada / |w(CaOODSP)9.581483 |
| 830 | #0|aRapport du Comité permanent de la sécurité publique et nationale ;|v9e rapport, 41e législature, 2e session|w(CaOODSP)9.503395 |
| 856 | 40|ahttp://publications.gc.ca|qPDF|s878 Ko|uhttps://publications.gc.ca/collections/collection_2015/parl/xc76-1/XC76-1-1-412-9-fra.pdf|y9e rapport, 41e législature, 2e session |